000
00204 a2200097 4500
001
20319
100
_a
Wood K D
245
_a
Aero vehicle design
260
_a
_b
Johnson Pub Co
_c
090
_c
14814
_d
14814
942
_a
NUST-CAE
_c
M
_c
5352
999
_c
255392
_d
255392